<?xml version="1.0" encoding="UTF-8"?>
<record
    xmlns:xsi="http://www.w3.org/2001/XMLSchema-instance"
    xsi:schemaLocation="http://www.loc.gov/MARC21/slim http://www.loc.gov/standards/marcxml/schema/MARC21slim.xsd"
    xmlns="http://www.loc.gov/MARC21/slim">

  <leader>01732naa a2200253 i 4500</leader>
  <controlfield tag="001">3374</controlfield>
  <controlfield tag="003">KOSZ 005</controlfield>
  <controlfield tag="005">20180214090337.0</controlfield>
  <controlfield tag="008">141108s2005    pl     f     |100 0 pol</controlfield>
  <datafield tag="040" ind1=" " ind2=" ">
    <subfield code="c">BPK</subfield>
    <subfield code="d">KOSZ 005/EG</subfield>
  </datafield>
  <datafield tag="080" ind1=" " ind2=" ">
    <subfield code="a">621.73/.77</subfield>
  </datafield>
  <datafield tag="100" ind1="1" ind2=" ">
    <subfield code="a">KUKIE&#x141;KA, Leon.</subfield>
    <subfield code="d">1996 - .</subfield>
    <subfield code="b">Politechnika Koszali&#x144;ska - Wydzia&#x142; Mechaniczny,</subfield>
    <subfield code="c">Katedra Maszyn Roboczych</subfield>
  </datafield>
  <datafield tag="245" ind1="1" ind2="0">
    <subfield code="a">Analiza numeryczna wp&#x142;ywu wsp&#xF3;&#x142;czynnika tarcia na stan napr&#x119;&#x17C;e&#x144; i d&#x142;ugo&#x15B;&#x107; odcinka styku narz&#x119;dzia z przedmiotem w procesie nagniatania /</subfield>
    <subfield code="c">Remigiusz B&#x142;aszk&#xF3;w, Leon Kukie&#x142;ka.</subfield>
  </datafield>
  <datafield tag="246" ind1="3" ind2="1">
    <subfield code="a">Numerical analysis of friction coefficient's influence on state of stress and length of contact line of tool and the object in process of burnishing rolling</subfield>
  </datafield>
  <datafield tag="500" ind1=" " ind2=" ">
    <subfield code="a">Dane z autopsji.</subfield>
  </datafield>
  <datafield tag="520" ind1=" " ind2=" ">
    <subfield code="a">W pracy przedstawiono model oraz warunki tarcia w obszarze kontaktu. Zaprezentowano model &#x15B;ciskania plastycznego klina sztywnym stemplem. Przedstawiono wyniki symulacji numerycznych przeprowadzonych w programie Abaqus 6.4. Polegaj&#x105; one na zgniocie plastycznego klina sztywnym stemplem. Badany jest wp&#x142;yw wsp&#xF3;&#x142;czynnika tarcia na stan napr&#x119;&#x17C;e&#x144; oraz na d&#x142;ugo&#x15B;&#x107; odcinka kontaktu narz&#x119;dzia z przedmiotem po zgniocie.</subfield>
  </datafield>
  <datafield tag="650" ind1=" " ind2="0">
    <subfield code="a">Analiza numeryczna.</subfield>
  </datafield>
  <datafield tag="650" ind1=" " ind2="0">
    <subfield code="a">Nagniatanie.</subfield>
  </datafield>
  <datafield tag="650" ind1=" " ind2="0">
    <subfield code="a">Napr&#x119;&#x17C;enia i odkszta&#x142;cenia.</subfield>
  </datafield>
  <datafield tag="655" ind1=" " ind2="0">
    <subfield code="a">Materia&#x142;y konferencyjne.</subfield>
  </datafield>
  <datafield tag="711" ind1="2" ind2="2">
    <subfield code="a">S&#x142;upskie Forum Motoryzacji</subfield>
    <subfield code="n">(8 ;</subfield>
    <subfield code="d">2005 ;</subfield>
    <subfield code="c">S&#x142;upsk, Polska).</subfield>
  </datafield>
  <datafield tag="773" ind1="0" ind2=" ">
    <subfield code="i">W :</subfield>
    <subfield code="t">VIII Konferencja naukowo-techniczna nt. Wsp&#xF3;&#x142;czesne technologie w motoryzacji a bezpiecze&#x144;stwo ruchu drogowego : S&#x142;upsk 24.5.2005 / pod red. Leona Kukie&#x142;ki. -</subfield>
    <subfield code="d">S&#x142;upsk : Starostwo Powiatowe w S&#x142;upsku, 2005. -</subfield>
    <subfield code="g">s. 39-48</subfield>
  </datafield>
  <datafield tag="942" ind1=" " ind2=" ">
    <subfield code="c">ROZ</subfield>
    <subfield code="2">UKD</subfield>
  </datafield>
  <datafield tag="999" ind1=" " ind2=" ">
    <subfield code="c">3374</subfield>
    <subfield code="d">3374</subfield>
  </datafield>
  <datafield tag="952" ind1=" " ind2=" ">
    <subfield code="0">0</subfield>
    <subfield code="1">0</subfield>
    <subfield code="4">0</subfield>
    <subfield code="7">0</subfield>
    <subfield code="a">BPK</subfield>
    <subfield code="b">BPK</subfield>
    <subfield code="o">76403</subfield>
    <subfield code="y">ROZ</subfield>
  </datafield>
</record>
